| 000 -LEADER |
| fixed length control field |
00747cam a2200217 i 4500 |
| 003 - CONTROL NUMBER IDENTIFIER |
| control field |
OSt |
| 005 - DATE AND TIME OF LATEST TRANSACTION |
| control field |
20240117114455.0 |
| 008 - FIXED-LENGTH DATA ELEMENTS--GENERAL INFORMATION |
| fixed length control field |
211004s2021 sz a b 001 0 eng |
| 020 ## - INTERNATIONAL STANDARD BOOK NUMBER |
| International Standard Book Number |
9783035622539 |
| Qualifying information |
(hardcover) |
| 042 ## - AUTHENTICATION CODE |
| Authentication code |
pcc |
| 082 04 - DEWEY DECIMAL CLASSIFICATION NUMBER |
| Classification number |
721.044 |
| Edition number |
23 |
| Item number |
MIN |
| 100 1# - MAIN ENTRY--PERSONAL NAME |
| Personal name |
Minke, Gernot, |
| Relator term |
author. |
| 245 10 - TITLE STATEMENT |
| Title |
Building with earth : |
| Remainder of title |
design and technology of a sustainable architecture / |
| Statement of responsibility, etc |
Gernot Minke. |
| 250 ## - EDITION STATEMENT |
| Edition statement |
Fourth and revised edition. |
| 300 ## - PHYSICAL DESCRIPTION |
| Extent |
223 pages : |
| Other physical details |
illustrations (some color) ; |
| Dimensions |
29 cm |
| 504 ## - BIBLIOGRAPHY, ETC. NOTE |
| Bibliography, etc |
Includes bibliographical references (pages 218-220) and index. |
| 650 #0 - SUBJECT ADDED ENTRY--TOPICAL TERM |
| Topical term or geographic name as entry element |
Earth construction. |
| 650 #0 - SUBJECT ADDED ENTRY--TOPICAL TERM |
| Topical term or geographic name as entry element |
Sustainable architecture. |
| 650 #0 - SUBJECT ADDED ENTRY--TOPICAL TERM |
| Topical term or geographic name as entry element |
Sustainable buildings |
| General subdivision |
Design and construction. |
| 942 ## - ADDED ENTRY ELEMENTS (KOHA) |
| Source of classification or shelving scheme |
|